[Event "NDVM 2019 U16"]
[Site "Kiel"]
[Date "2019.09.08"]
[Round "4.11"]
[White "Tuerk, Janusch"]
[Black "Henning, Marvin"]
[Result "0-1"]
[BlackElo "2034"]
[WhiteElo "1317"]
[LiveChessVersion "1.4.8"]

1. e4 {[%clk 1:30:51]} c5 {[%clk 1:30:50]} 2. c3 {[%clk 1:31:06]} e5 3. Nf3
{[%clk 1:30:45]} Nc6 {[%clk 1:31:35]} 4. d4 {[%clk 1:31:02]} cxd4
{[%clk 1:31:38]} 5. cxd4 {[%clk 1:31:17]} exd4 {[%clk 1:31:36]} 6. Nxd4
{[%clk 1:31:37]} Nf6 {[%clk 1:31:49]} 7. Nc3 {[%clk 1:31:50]} Bb4
{[%clk 1:32:03]} 8. Bg5 {[%clk 1:29:42]} Qa5 {[%clk 1:31:52]} 9. Bxf6
{[%clk 1:26:57]} Bxc3+ {[%clk 1:32:04]} 10. bxc3 {[%clk 1:26:10]} Qxc3+
{[%clk 1:32:24]} 11. Ke2 {[%clk 1:26:24]} gxf6 {[%clk 1:32:37]} 12. Nf5
{[%clk 1:24:59]} b6 {[%clk 1:31:43]} 13. f3 {[%clk 1:24:59]} Qe5 {[%clk 1:21:18]}
14. Kf2 {[%clk 1:23:29]} Qc5+ {[%clk 1:20:52]} 15. Ke1 {[%clk 1:23:28]} d5
{[%clk 1:19:46]} 16. Rc1 {[%clk 1:21:23]} Qb4+ {[%clk 1:19:57]} 17. Qd2
{[%clk 1:21:05]} Qxd2+ {[%clk 1:19:49]} 18. Kxd2 {[%clk 1:21:26]} Bxf5
{[%clk 1:17:31]} 19. exf5 {[%clk 1:20:27]} Ne5 {[%clk 1:17:15]} 20. Bb5+
{[%clk 1:19:50]} Kf8 {[%clk 1:17:35]} 21. Rc7 {[%clk 1:18:41]} Kg7
{[%clk 1:17:43]} 22. h3 {[%clk 1:16:21]} a6 {[%clk 1:17:52]} 23. Bd3
{[%clk 1:10:19]} b5 {[%clk 1:18:05]} 24. Re1 {[%clk 1:09:33]} Rac8
{[%clk 1:18:15]} 25. Ra7 {[%clk 1:07:18]} Rc6 {[%clk 1:17:56]} 26. f4
{[%clk 1:06:14]} Nxd3 {[%clk 1:17:23]} 27. Kxd3 {[%clk 1:06:31]} Rc4
{[%clk 1:17:35]} 28. Ree7 {[%clk 1:03:02]} Rf8 {[%clk 1:18:01]} 29. g3
{[%clk 1:02:57]} Ra4 {[%clk 1:18:24]} 30. Re2 {[%clk 1:02:57]} Rc8
{[%clk 1:18:41]} 31. Ree7 {[%clk 1:00:47]} Ra3+ {[%clk 1:19:01]} 32. Ke2
{[%clk 1:01:05]} Rxa2+ {[%clk 1:19:13]} 33. Kf3 {[%clk 1:01:23]} Rf8
{[%clk 1:18:35]} 34. Red7 {[%clk 1:01:03]} h5 {[%clk 1:16:13]} 35. Re7
{[%clk 0:49:33]} Ra3+ {[%clk 1:16:11]} 36. Re3 {[%clk 0:49:06]} Rxe3+
{[%clk 1:15:27]} 37. Kxe3 {[%clk 0:49:28]} Rc8 {[%clk 1:15:22]} 38. Rxa6
{[%clk 0:48:04]} Rc3+ {[%clk 1:15:23]} 39. Kf2 {[%clk 0:47:45]} b4
{[%clk 1:14:03]} 40. Ra1 {[%clk 0:46:26]} b3 {[%clk 1:13:55]} 0-1

[Event "NDVM 2019 U16"]
[Site "Kiel"]
[Date "2019.09.08"]
[Round "4.12"]
[White "Hundrieser, Malte"]
[Black "Worthmann Gonzalez, Luka"]
[Result "1-0"]
[BlackElo "1136"]
[WhiteElo "1804"]
[LiveChessVersion "1.4.8"]

1. e4 {[%clk 1:30:57]} e5 {[%clk 1:30:59]} 2. Nf3 {[%clk 1:31:19]} Nc6
{[%clk 1:31:23]} 3. d4 {[%clk 1:31:38]} exd4 {[%clk 1:31:46]} 4. Nxd4
{[%clk 1:31:56]} Bc5 {[%clk 1:32:08]} 5. Nb3 {[%clk 1:32:11]} Bb6
{[%clk 1:32:27]} 6. Nc3 {[%clk 1:32:20]} Nf6 {[%clk 1:32:19]} 7. Qe2
{[%clk 1:32:03]} d6 {[%clk 1:32:02]} 8. Be3 {[%clk 1:31:52]} Be6 {[%clk 1:30:03]}
9. O-O-O {[%clk 1:31:03]} O-O {[%clk 1:26:35]} 10. f3 {[%clk 1:30:03]} Ne5
{[%clk 1:23:17]} 11. Kb1 {[%clk 1:26:37]} Qe7 {[%clk 1:20:42]} 12. h4
{[%clk 1:22:13]} c5 {[%clk 1:18:34]} 13. Rg1 {[%clk 1:08:58]} a6 {[%clk 1:12:07]}
14. g4 {[%clk 1:05:15]} Bc7 {[%clk 1:08:22]} 15. g5 {[%clk 1:03:23]} Nfd7
{[%clk 1:03:53]} 16. f4 {[%clk 1:03:04]} Nc6 {[%clk 1:04:13]} 17. f5
{[%clk 1:00:51]} Bxb3 {[%clk 1:04:33]} 18. axb3 {[%clk 1:00:49]} Qe5
{[%clk 0:59:29]} 19. Nd5 {[%clk 0:58:18]} Rfc8 {[%clk 0:54:01]} 20. Bf4
{[%clk 0:55:59]} Qe8 {[%clk 0:53:22]} 21. Nxc7 {[%clk 0:54:51]} Rxc7
{[%clk 0:52:06]} 22. Bxd6 {[%clk 0:55:02]} Rcc8 {[%clk 0:50:55]} 23. g6
{[%clk 0:48:11]} h6 {[%clk 0:48:44]} 24. gxf7+ {[%clk 0:47:05]} Qxf7
{[%clk 0:47:44]} 25. Qe3 {[%clk 0:45:23]} Ncb8 {[%clk 0:43:34]} 26. Bc4
{[%clk 0:44:50]} 1-0

[Event "SC Borussia Lichtenberg-SK Doppelbauer K"]
[Site "Kiel"]
[Date "2019.09.08"]
[Round "4.2"]
[White "Ermitsch, Magnus"]
[Black "Grounev, Henry"]
[Result "1-0"]
[WhiteElo "1761"]
[BlackElo "1712"]
[Annotator "Rnd./Pair./Board: 04.004.02"]
[PlyCount "105"]
[EventDate "2019.??.??"]
[WhiteTeam "SC Borussia Lichtenberg"]
[BlackTeam "SK Doppelbauer Kiel"]

1. e4 d6 2. d4 Nf6 3. Nc3 g6 4. Bc4 Bg7 5. Nf3 O-O 6. O-O Bg4 7. h3 Bxf3 8.
Qxf3 Nc6 9. Be3 e5 10. d5 Nd4 11. Qd1 Nd7 12. Ne2 Nxe2+ 13. Qxe2 f5 14. f3 f4
15. Bf2 Nf6 16. Rfd1 Nh5 17. Qe1 Kh8 18. Be2 Rg8 19. c4 Qe7 20. b4 g5 21. c5
Nf6 22. Bf1 h5 23. Rd3 b6 24. c6 a5 25. a3 Bh6 26. b5 Rg7 27. a4 Rag8 28. Raa3
Rg6 29. Qe2 Qg7 30. Be1 Kh7 31. Bd2 g4 32. fxg4 hxg4 33. hxg4 Rxg4 34. Rh3 Qg6
35. Rh2 Kg7 36. Rah3 Rh8 37. Bxa5 Rg3 38. Be1 Nxe4 39. Bxg3 fxg3 40. Rxh6 Rxh6
41. Rxh6 Kxh6 42. Qe3+ Ng5 43. Qxg3 e4 44. Qe3 Kg7 45. Be2 Qf6 46. a5 Qa1+ 47.
Bf1 Kg6 48. axb6 cxb6 49. c7 Qa8 50. Qxb6 Qxd5 51. c8=Q Nf3+ 52. gxf3 exf3 53.
Qg4+ 1-0

[Event "SC Borussia Lichtenberg-SK Doppelbauer K"]
[Site "Kiel"]
[Date "2019.09.08"]
[Round "4.3"]
[White "Steinbach, Julian"]
[Black "Katzenbach, Linus"]
[Result "1-0"]
[WhiteElo "1670"]
[BlackElo "1722"]
[Annotator "Rnd./Pair./Board: 04.004.03"]
[PlyCount "35"]
[EventDate "2019.??.??"]
[WhiteTeam "SK Doppelbauer Kiel"]
[BlackTeam "SC Borussia Lichtenberg"]

1. e4 e5 2. Nf3 Nc6 3. Bc4 Bc5 4. d3 Nf6 5. O-O O-O 6. c3 d5 7. exd5 Nxd5 8. b4
Ndxb4 9. cxb4 Bd4 10. Nxd4 Qxd4 11. Qb3 Qxa1 12. Bb2 Nd4 13. Qa3 Nc2 14. Qc3
Nd4 15. Qd2 b5 16. Bxa1 bxc4 17. Bxd4 exd4 18. dxc4 1-0

[Event "SC Borussia Lichtenberg-SK Doppelbauer K"]
[Site "Kiel"]
[Date "2019.09.08"]
[Round "4.4"]
[White "Gillmeister, Gino"]
[Black "Woltmann, Peter"]
[Result "1-0"]
[WhiteElo "1593"]
[BlackElo "1503"]
[Annotator "Rnd./Pair./Board: 04.004.04"]
[PlyCount "95"]
[EventDate "2019.??.??"]
[WhiteTeam "SC Borussia Lichtenberg"]
[BlackTeam "SK Doppelbauer Kiel"]

1. b3 d5 2. e3 Nf6 3. Bb2 g6 4. Bxf6 exf6 5. f4 Bg7 6. Nf3 c5 7. Bb5+ Bd7 8.
Bxd7+ Nxd7 9. O-O O-O 10. Nc3 Nb6 11. Rc1 Qc7 12. Qe1 f5 13. Qh4 d4 14. Nd1 Nd5
15. c4 Nf6 16. Kh1 Rad8 17. Nf2 Rfe8 18. Rfe1 Qa5 19. Ra1 Nh5 20. exd4 cxd4 21.
Nd3 Bf6 22. Qf2 Re4 23. g3 Rde8 24. Nfe5 Rxe1+ 25. Qxe1 Bg7 26. Qf2 Nf6 27.
Qxd4 Qxd2 28. Qxa7 Ng4 29. Qg1 f6 30. Nxg4 fxg4 31. Qd4 Kh8 32. Qd7 Qe2 33. Ne5
Qe4+ 34. Kg1 Rf8 35. Qd3 Qxd3 36. Nxd3 f5 37. Kf1 h6 38. Ke2 g5 39. fxg5 hxg5
40. Rf1 Kg8 41. Kd2 Bh6 42. Ne5 Kg7 43. a4 Rd8+ 44. Kc2 Kf6 45. Nxg4+ Kg6 46.
Nxh6 Kxh6 47. Rxf5 Kg6 48. Rf2 1-0

[Event "SK Lehrte-SV Mattnetz Berlin"]
[Site "Kiel"]
[Date "2019.09.08"]
[Round "4.1"]
[White "Huels, Maximilian"]
[Black "Reimer, Philip"]
[Result "1-0"]
[WhiteElo "1920"]
[BlackElo "2016"]
[Annotator "Rnd./Pair./Board: 04.005.01"]
[PlyCount "129"]
[EventDate "2019.??.??"]
[WhiteTeam "SV Mattnetz Berlin"]
[BlackTeam "SK Lehrte"]

1. e4 c5 2. d3 Nc6 3. f4 g6 4. Nf3 Bg7 5. Be2 d6 6. c3 Nf6 7. O-O O-O 8. Kh1
Rb8 9. Na3 a6 10. Nc2 b5 11. Be3 b4 12. Qd2 bxc3 13. bxc3 Qa5 14. Bg1 Rb2 15.
a3 Be6 16. Rfb1 Rfb8 17. Rxb2 Rxb2 18. Bd1 Bb3 19. Rc1 Bxc2 20. Rxc2 Rxc2 21.
Qxc2 Qxa3 22. Qa4 Qxa4 23. Bxa4 Na7 24. c4 Nc8 25. Nd2 Nb6 26. Bc6 Nfd7 27. Nb3
Bc3 28. Be3 Nb8 29. Bb7 a5 30. Nc1 Na4 31. Kg1 Nb2 32. Kf1 a4 33. Ke2 a3 34.
Na2 Bf6 35. e5 dxe5 36. Bxc5 exf4 37. Bxa3 Na4 38. c5 Be5 39. c6 Nb6 40. d4
Bxd4 41. c7 Be5 42. cxb8=Q+ Bxb8 43. Bxe7 f3+ 44. Kxf3 Bxh2 45. Bc6 Nc4 46. Bd5
Bd6 47. Bxd6 Nxd6 48. Nc3 Kg7 49. Kf4 Nf5 50. Ne4 Ne7 51. Bb3 Nc8 52. Ba2 h6
53. Bb3 Ne7 54. Nd6 f6 55. Ne8+ Kf8 56. Nxf6 Kg7 57. Ne4 Nf5 58. Be6 Nh4 59. g3
g5+ 60. Kg4 Ng6 61. Kh5 Nf8 62. Bf5 Nh7 63. Bxh7 Kxh7 64. Nf6+ Kg7 65. Ng4 1-0

[Event "SK Lehrte-SV Mattnetz Berlin"]
[Site "Kiel"]
[Date "2019.09.08"]
[Round "4.2"]
[White "Dornieden, Jonas"]
[Black "Schnabel, Luise"]
[Result "1/2-1/2"]
[WhiteElo "1929"]
[BlackElo "1892"]
[Annotator "Rnd./Pair./Board: 04.005.02"]
[PlyCount "96"]
[EventDate "2019.??.??"]
[WhiteTeam "SK Lehrte"]
[BlackTeam "SV Mattnetz Berlin"]

1. d4 Nf6 2. c4 c5 3. d5 b5 4. cxb5 a6 5. bxa6 Bxa6 6. Nc3 d6 7. e4 Bxf1 8.
Kxf1 g6 9. g3 Bg7 10. Kg2 O-O 11. Nf3 Nbd7 12. a4 Ng4 13. Re1 Qb6 14. Qc2 Ra6
15. Ra3 Rfa8 16. Nb5 Qb7 17. Bd2 Nb6 18. Rea1 Nxa4 19. Rxa4 Qxb5 20. Rxa6 Rxa6
21. Rxa6 Qxa6 22. h3 Nf6 23. Bc3 Qc4 24. Nd2 Qe2 25. Qa4 Bh6 26. Bxf6 exf6 27.
Qe8+ Kg7 28. Nf1 Qxb2 29. Qd7 Qe5 30. Qa4 f5 31. f4 Qxe4+ 32. Qxe4 fxe4 33. Nd2
f5 34. Nc4 Kf7 35. Nxd6+ Ke7 36. Nc4 Bg7 37. Kf2 Bd4+ 38. Ke2 h6 39. h4 Bf6 40.
Ke3 g5 41. h5 Bd4+ 42. Ke2 gxf4 43. gxf4 Kd7 44. Kd2 Bf6 45. Ne3 Kd6 46. Nxf5+
Kxd5 47. Nxh6 c4 48. Nf5 Bh8 1/2-1/2

[Event "SK Lehrte-SV Mattnetz Berlin"]
[Site "Kiel"]
[Date "2019.09.08"]
[Round "4.3"]
[White "Grozea, Filip"]
[Black "Haselhorst, Nils"]
[Result "1-0"]
[WhiteElo "1736"]
[BlackElo "1701"]
[Annotator "Rnd./Pair./Board: 04.005.03"]
[PlyCount "65"]
[EventDate "2019.??.??"]
[WhiteTeam "SV Mattnetz Berlin"]
[BlackTeam "SK Lehrte"]

1. e4 e5 2. Nf3 Nc6 3. d4 exd4 4. Nxd4 Nf6 5. Nxc6 bxc6 6. e5 Qe7 7. Qe2 Nd5 8.
c4 Ba6 9. b3 Qe6 10. g3 Nb6 11. Bg2 Bb4+ 12. Bd2 Bxd2+ 13. Nxd2 O-O-O 14. f4
Rde8 15. Ne4 Qe7 16. Qd2 d5 17. exd6 Qxd6 18. Qxd6 cxd6 19. O-O-O Kc7 20. Nxd6
Re2 21. Nxf7 Rf8 22. Ng5 h6 23. Bf1 Re7 24. Nf3 Bc8 25. Ne5 Bf5 26. Bd3 Bxd3
27. Rxd3 Rfe8 28. Rhd1 Nc8 29. c5 a5 30. Rd4 Na7 31. Ra4 Nb5 32. Rxa5 h5 33.
Kb2 1-0

[Event "SK Lehrte-SV Mattnetz Berlin"]
[Site "Kiel"]
[Date "2019.09.08"]
[Round "4.4"]
[White "Busse, Lukas-Oliver"]
[Black "Stockter, Jasper Enno"]
[Result "1-0"]
[WhiteElo "1623"]
[BlackElo "1735"]
[Annotator "Rnd./Pair./Board: 04.005.04"]
[PlyCount "129"]
[EventDate "2019.??.??"]
[WhiteTeam "SK Lehrte"]
[BlackTeam "SV Mattnetz Berlin"]

1. e4 e6 2. d4 d5 3. Nd2 Nf6 4. e5 Nfd7 5. Bd3 c5 6. c3 Nc6 7. Ne2 a6 8. a3 c4
9. Bc2 b5 10. f4 Be7 11. Nf3 Bb7 12. h4 Qc7 13. h5 h6 14. g4 O-O-O 15. Ng3 Rdg8
16. Qe2 g6 17. hxg6 fxg6 18. Kf2 Na5 19. Be3 Nb3 20. Rag1 Bc6 21. Rg2 Nb6 22.
Rgh2 Bf8 23. Bb1 Be8 24. f5 gxf5 25. gxf5 Bf7 26. f6 Na4 27. Bxh6 Bxh6 28. Rxh6
Rxh6 29. Rxh6 Nc1 30. Qd2 Nd3+ 31. Bxd3 cxd3 32. Rh7 Qd7 33. Ne1 Qe8 34. Rg7
Rxg7 35. fxg7 Qg8 36. b3 Nb6 37. Nxd3 Qxg7 38. Nc5 a5 39. Qd3 Qf8 40. Kg2 Qe8
41. Kf2 Bg6 42. Qe2 Bf7 43. Ke1 Qg8 44. Nf1 Qe8 45. Ne3 Bh5 46. Qf1 Bf7 47. Ng4
Bh5 48. Nf6 Qg6 49. Nxh5 Qxh5 50. Qf8+ Kc7 51. Qe7+ Kc8 52. Qb7+ Kd8 53. Qxb6+
Ke7 54. Qxe6+ Kf8 55. Nd7+ Kg7 56. Qf6+ Kg8 57. Qf8+ Kh7 58. Nf6+ Kg6 59. Nxh5
Kxh5 60. Qg7 a4 61. b4 Kh4 62. Qg6 Kh3 63. Qg5 Kh2 64. Kf2 Kh3 65. Qg3# 1-0

[Event "SV Ruedersdorf-Greifswalder SV"]
[Site "Kiel"]
[Date "2019.09.08"]
[Round "4.1"]
[White "Fromm, Marius"]
[Black "Buller, Ian Joshua"]
[Result "1-0"]
[WhiteElo "2069"]
[BlackElo "1944"]
[Annotator "Rnd./Pair./Board: 04.006.01"]
[PlyCount "63"]
[EventDate "2019.??.??"]
[WhiteTeam "Greifswalder SV"]
[BlackTeam "SV Ruedersdorf"]

1. Nf3 c5 2. c4 Nc6 3. Nc3 g6 4. e3 e6 5. d4 cxd4 6. Nxd4 a6 7. Be2 Nf6 8. O-O
Bg7 9. Nb3 O-O 10. c5 b6 11. cxb6 Qxb6 12. e4 Qd8 13. Be3 d5 14. exd5 Nxd5 15.
Nxd5 exd5 16. Nd4 Ne7 17. Rc1 Bb7 18. Qd2 Qd7 19. Bh6 Rfc8 20. Bxg7 Kxg7 21.
Nb3 Qd6 22. Nc5 Rc7 23. Qd4+ Kg8 24. Ne4 Qd8 25. Nf6+ Kf8 26. Qf4 Nc6 27. Qh6+
Ke7 28. Nxh7 Qd6 29. Rfe1 Kd8 30. Bg4 Bc8 31. Nf6 Re7 32. Qf8+ 1-0

[Event "SV Ruedersdorf-Greifswalder SV"]
[Site "Kiel"]
[Date "2019.09.08"]
[Round "4.2"]
[White "Sperling, Niclas"]
[Black "Troyke, Jannis"]
[Result "0-1"]
[WhiteElo "1694"]
[BlackElo "1846"]
[Annotator "Rnd./Pair./Board: 04.006.02"]
[PlyCount "66"]
[EventDate "2019.??.??"]
[WhiteTeam "SV Ruedersdorf"]
[BlackTeam "Greifswalder SV"]

1. e4 c5 2. Nf3 d6 3. d4 cxd4 4. Nxd4 Nf6 5. Nc3 g6 6. Bc4 Bg7 7. f3 Nc6 8. Be3
O-O 9. Qd2 Bd7 10. O-O-O Rb8 11. h4 b5 12. Bb3 Na5 13. Bh6 Bxh6 14. Qxh6 e5 15.
Nde2 Nxb3+ 16. axb3 b4 17. Nd5 Nxd5 18. Rxd5 Rb6 19. h5 gxh5 20. Rxd6 f6 21.
Rhd1 Rxd6 22. Rxd6 Qe7 23. Rd1 Be6 24. g3 a5 25. Re1 Qc5 26. Kb1 Qf2 27. Rd1
Qxe2 28. Rd6 a4 29. Rxe6 Qd1+ 30. Ka2 Qxc2 31. bxa4 Qxa4+ 32. Kb1 Qd1+ 33. Ka2
Ra8+ 0-1

[Event "SV Ruedersdorf-Greifswalder SV"]
[Site "Kiel"]
[Date "2019.09.08"]
[Round "4.3"]
[White "Wucherer, Sophie"]
[Black "May, Ben-Iven"]
[Result "0-1"]
[WhiteElo "1582"]
[BlackElo "1870"]
[Annotator "Rnd./Pair./Board: 04.006.03"]
[PlyCount "76"]
[EventDate "2019.??.??"]
[WhiteTeam "Greifswalder SV"]
[BlackTeam "SV Ruedersdorf"]

1. d4 Nf6 2. Nf3 g6 3. c4 Bg7 4. g3 O-O 5. Bg2 d6 6. O-O Nbd7 7. Nc3 e5 8. e4
Qe7 9. Qc2 Ne8 10. Be3 c6 11. Rfd1 f5 12. Ne2 fxe4 13. Qxe4 Ndf6 14. Qc2 Bf5
15. Qb3 Kh8 16. h3 Rb8 17. Nc3 a6 18. dxe5 dxe5 19. Bb6 Ne4 20. Nh4 N8f6 21.
Nxf5 gxf5 22. Nxe4 Nxe4 23. Bxe4 fxe4 24. Re1 Qe6 25. Kg2 Qf5 26. Qc2 Qf3+ 27.
Kh2 e3 28. Bxe3 e4 29. Bf4 Rxf4 30. gxf4 Qxf4+ 31. Kg1 Be5 32. Qxe4 Qh2+ 33.
Kf1 Qxh3+ 34. Qg2 Qh5 35. Re2 Rg8 36. Qe4 Qh3+ 37. Ke1 Rg1+ 38. Kd2 Qd7+ 0-1

[Event "SV Ruedersdorf-Greifswalder SV"]
[Site "Kiel"]
[Date "2019.09.08"]
[Round "4.4"]
[White "Petersen, Sophie"]
[Black "Brandt, Mattis"]
[Result "0-1"]
[WhiteElo "1519"]
[BlackElo "1155"]
[Annotator "Rnd./Pair./Board: 04.006.04"]
[PlyCount "124"]
[EventDate "2019.??.??"]
[WhiteTeam "SV Ruedersdorf"]
[BlackTeam "Greifswalder SV"]

1. e4 c5 2. Nf3 e6 3. d4 cxd4 4. Nxd4 a6 5. Nc3 Qc7 6. Be3 Bb4 7. Qd3 Nf6 8. f3
O-O 9. a3 Bxc3+ 10. Qxc3 Qxc3+ 11. bxc3 b5 12. Bd3 e5 13. Nb3 d5 14. Bc5 Re8
15. exd5 e4 16. fxe4 Nxe4 17. Bxe4 Rxe4+ 18. Kd2 Re5 19. d6 Nd7 20. Bd4 Rd5 21.
Rhe1 Bb7 22. Na5 Nc5 23. Re7 Rb8 24. d7 Rxd7 25. Rxd7 Nxd7 26. Nxb7 Rxb7 27.
Re1 Rb8 28. Kd3 Rd8 29. Kd2 Nc5 30. Re5 Ne6 31. Ke3 Rd6 32. h4 f6 33. Rf5 g6
34. Rf1 f5 35. g3 Kf7 36. g4 f4+ 37. Ke4 Ke7 38. Be5 Nc5+ 39. Kxf4 Rd2 40. Ke3
Rxc2 41. Bf6+ Ke6 42. g5 Ra2 43. Re1 Rxa3 44. Kd4+ Kd6 45. Be7+ Kc6 46. Bxc5
Ra4+ 47. Ke5 Kxc5 48. Rh1 Kc4 49. Kf6 Kxc3 50. Kg7 b4 51. Kxh7 b3 52. Kxg6 b2
53. h5 Ra1 54. Rh3+ Kc4 55. h6 b1=Q+ 56. Kg7 Qb7+ 57. Kg6 Qc6+ 58. Kh5 Rh1 59.
Rxh1 Qxh1+ 60. Kg6 Qc6+ 61. Kh5 Qe8+ 62. Kh4 Qg6 0-1

[Event "SchVGG Blankenese-SG Jasmund"]
[Site "Kiel"]
[Date "2019.09.08"]
[Round "4.1"]
[White "Johlke, Lukas"]
[Black "Burgtorf, Benjamin"]
[Result "0-1"]
[WhiteElo "1637"]
[BlackElo "1775"]
[Annotator "Rnd./Pair./Board: 04.007.01"]
[PlyCount "60"]
[EventDate "2019.??.??"]
[WhiteTeam "SG Jasmund"]
[BlackTeam "SchVGG Blankenese"]

1. e4 c5 2. Nf3 Nc6 3. Bc4 a6 4. O-O b5 5. Be2 Nf6 6. d3 d6 7. Re1 e6 8. c3 Be7
9. Bf1 Bb7 10. d4 O-O 11. e5 dxe5 12. dxe5 Qxd1 13. Rxd1 Nd5 14. Nbd2 Rfd8 15.
Ne4 h6 16. b3 Nb6 17. Be3 Nxe5 18. Nxc5 Bxf3 19. Rxd8+ Rxd8 20. gxf3 Nxf3+ 21.
Kh1 Nd5 22. Bg2 Nxe3 23. fxe3 Rc8 24. Rd1 Bf6 25. Nd7 Ne5 26. Nxf6+ gxf6 27.
Bb7 Rxc3 28. Bxa6 Rc2 29. Bxb5 Nf3 30. h3 Rh2# 0-1

[Event "SchVGG Blankenese-SG Jasmund"]
[Site "Kiel"]
[Date "2019.09.08"]
[Round "4.2"]
[White "von Rosen, Jakob"]
[Black "Johlke, Lorenz"]
[Result "1-0"]
[WhiteElo "1732"]
[BlackElo "1695"]
[Annotator "Rnd./Pair./Board: 04.007.02"]
[PlyCount "79"]
[EventDate "2019.??.??"]
[WhiteTeam "SchVGG Blankenese"]
[BlackTeam "SG Jasmund"]

1. c4 f5 2. g3 Nf6 3. Bg2 g6 4. Nc3 Bg7 5. Nf3 Nc6 6. d4 e6 7. O-O O-O 8. Be3
d6 9. Qc2 Kh8 10. Rfd1 Bd7 11. d5 exd5 12. Nxd5 Nxd5 13. cxd5 Ne7 14. Bd4 Nc8
15. Bxg7+ Kxg7 16. Nd4 Nb6 17. Rac1 Rc8 18. Qc3 Kg8 19. Rd2 Rf6 20. Rdc2 Qf8
21. Qd2 Qd8 22. Rc3 Na4 23. Re3 Nc5 24. b4 Na4 25. Qc2 Nb6 26. Rc3 Ba4 27. Qd2
Bd7 28. Qg5 Kg7 29. Qe3 Kg8 30. h4 h5 31. Qg5 Kh7 32. e4 fxe4 33. Bxe4 a5 34.
bxa5 Na4 35. Rxc7 Nc5 36. Rxc8 Bxc8 37. Bxg6+ Kh8 38. Qxh5+ Kg8 39. Qh7+ Kf8
40. Re1 1-0

[Event "SchVGG Blankenese-SG Jasmund"]
[Site "Kiel"]
[Date "2019.09.08"]
[Round "4.3"]
[White "Wellssow, Keoki"]
[Black "Sell, Eero"]
[Result "1-0"]
[WhiteElo "1659"]
[BlackElo "1774"]
[Annotator "Rnd./Pair./Board: 04.007.03"]
[PlyCount "65"]
[EventDate "2019.??.??"]
[WhiteTeam "SG Jasmund"]
[BlackTeam "SchVGG Blankenese"]

1. c4 e5 2. g3 Nc6 3. Bg2 f5 4. Nc3 Nf6 5. d3 Bb4 6. Bd2 Bxc3 7. Bxc3 d6 8. e3
O-O 9. Ne2 Qe8 10. Qd2 Be6 11. O-O-O Rb8 12. d4 Bxc4 13. b3 Bf7 14. Kb2 Nd5 15.
dxe5 Nxc3 16. Qxc3 dxe5 17. f4 e4 18. Nd4 Nxd4 19. Rxd4 Qb5 20. Bf1 Qb6 21. Rd7
c6 22. Bc4 Rbe8 23. Rhd1 c5 24. Rxf7 Rxf7 25. Rd7 Ref8 26. Qe5 Qf6 27. Qxf6
gxf6 28. Rxb7 Kg7 29. Bxf7 Rxf7 30. Rxf7+ Kxf7 31. Kc3 Kg6 32. Kc4 h5 33. h4
1-0

[Event "SchVGG Blankenese-SG Jasmund"]
[Site "Kiel"]
[Date "2019.09.08"]
[Round "4.4"]
[White "Tao, Alexander"]
[Black "Wellssow, Lio Keanu"]
[Result "1-0"]
[WhiteElo "1444"]
[BlackElo "1173"]
[Annotator "Rnd./Pair./Board: 04.007.04"]
[PlyCount "107"]
[EventDate "2019.??.??"]
[WhiteTeam "SchVGG Blankenese"]
[BlackTeam "SG Jasmund"]

1. e4 c5 2. Be2 Nc6 3. d3 g6 4. f4 Bg7 5. Nf3 e6 6. O-O Nge7 7. c3 O-O 8. Na3
d5 9. e5 b6 10. d4 Bd7 11. Be3 Rb8 12. Nb5 Nf5 13. Bf2 h5 14. Qd2 cxd4 15.
Nbxd4 Ncxd4 16. Nxd4 Nh6 17. Rfc1 f6 18. Bh4 Qe8 19. exf6 Bxf6 20. Bxf6 Rxf6
21. Re1 Qf7 22. g3 Re8 23. Rac1 e5 24. fxe5 Rxe5 25. Qxh6 Bh3 26. Qd2 Rf2 27.
Rf1 Bxf1 28. Rxf1 Rxf1+ 29. Bxf1 Kg7 30. Kg2 g5 31. Nf3 Qf5 32. Nxe5 Qxe5 33.
Qe2 Qxe2+ 34. Bxe2 Kg6 35. Bf3 h4 36. Bxd5 hxg3 37. Kxg3 Kf6 38. Bc4 a5 39. Bb5
Kg6 40. a4 Kf6 41. Bd3 Kg7 42. Kg4 Kg8 43. Kxg5 Kf7 44. h4 Kg7 45. h5 Kh8 46.
Kf6 b5 47. Bxb5 Kh7 48. c4 Kh8 49. c5 Kh7 50. c6 Kh6 51. c7 Kxh5 52. c8=Q Kh4
53. Qg8 Kh5 54. Qg5# 1-0

[Event "SV Bad Schwartau-SK Nordhorn-Blanke"]
[Site "Kiel"]
[Date "2019.09.08"]
[Round "4.1"]
[White "Rudi, Jonathan"]
[Black "Schwerdt, Anton Gabriel"]
[Result "1/2-1/2"]
[WhiteElo "1699"]
[BlackElo "1476"]
[Annotator "Rnd./Pair./Board: 04.008.01"]
[PlyCount "95"]
[EventDate "2019.??.??"]
[WhiteTeam "SK Nordhorn-Blanke"]
[BlackTeam "SV Bad Schwartau"]

1. d4 Nf6 2. Nc3 e6 3. Bf4 a6 4. e3 c5 5. Bd3 Nc6 6. Nf3 d5 7. dxc5 Bxc5 8. O-O
O-O 9. e4 dxe4 10. Nxe4 Nxe4 11. Bxe4 Qb6 12. b3 Rd8 13. Qe2 f6 14. Rad1 Rxd1
15. Rxd1 e5 16. Bxc6 Qxc6 17. Bc1 Bg4 18. Qc4+ Be6 19. Qe2 Bg4 20. c4 e4 21.
Rd5 exf3 22. Qd3 Re8 23. Bd2 fxg2 24. b4 Bb6 25. Rd6 Bf5 26. Rxc6 Bxd3 27. Rxb6
Bxc4 28. Kxg2 Bxa2 29. Kg3 Bd5 30. Rd6 Bc6 31. Be3 Kf7 32. Bc5 Re7 33. Rd1 Rd7
34. Re1 Rd3+ 35. Kg4 g5 36. h4 gxh4 37. Kxh4 Bd7 38. f3 Be6 39. Kg3 Bd5 40. Rf1
Ra3 41. Bb6 Bc6 42. Rf2 h5 43. Bc5 h4+ 44. Kg4 Rb3 45. Kxh4 Rxf3 46. Re2 Rd3
47. Re7+ Kg6 48. Kg4 1/2-1/2

[Event "SV Bad Schwartau-SK Nordhorn-Blanke"]
[Site "Kiel"]
[Date "2019.09.08"]
[Round "4.2"]
[White "Elstner, Mirja"]
[Black "ter Stal, Lars"]
[Result "0-1"]
[WhiteElo "1243"]
[BlackElo "1716"]
[Annotator "Rnd./Pair./Board: 04.008.02"]
[PlyCount "50"]
[EventDate "2019.??.??"]
[WhiteTeam "SV Bad Schwartau"]
[BlackTeam "SK Nordhorn-Blanke"]

1. e4 e6 2. d4 d5 3. exd5 exd5 4. Bd3 Bd6 5. Nf3 Ne7 6. O-O Nbc6 7. c3 Bg4 8.
h3 Bh5 9. Nbd2 Qd7 10. Qc2 Bg6 11. Re1 O-O-O 12. b4 Bxd3 13. Qxd3 f6 14. a4 g5
15. Nb3 g4 16. hxg4 Qxg4 17. Nh2 Qh5 18. g3 Rdg8 19. Nf1 Nf5 20. f4 Qh3 21. Kf2
Nxg3 22. Nxg3 Qh2+ 23. Kf1 Rxg3 24. Qf5+ Kb8 25. Re3 Rg1# 0-1

[Event "SV Bad Schwartau-SK Nordhorn-Blanke"]
[Site "Kiel"]
[Date "2019.09.08"]
[Round "4.3"]
[White "Meijerink, Inken"]
[Black "Schwerdtfeger, Hauke"]
[Result "1-0"]
[WhiteElo "1729"]
[BlackElo "1257"]
[Annotator "Rnd./Pair./Board: 04.008.03"]
[PlyCount "109"]
[EventDate "2019.??.??"]
[WhiteTeam "SK Nordhorn-Blanke"]
[BlackTeam "SV Bad Schwartau"]

1. e4 e5 2. Nf3 Nc6 3. d4 exd4 4. Nxd4 Nf6 5. Nc3 Bb4 6. Nxc6 Bxc3+ 7. bxc3
bxc6 8. Bd3 d6 9. O-O O-O 10. Bg5 Qe7 11. Qf3 Qe5 12. Bxf6 Qxf6 13. Qxf6 gxf6
14. Rab1 Be6 15. a3 Rab8 16. f4 d5 17. Rb4 dxe4 18. Bxe4 Bd5 19. Bxd5 cxd5 20.
Ra4 Ra8 21. Ra6 Kg7 22. Rd1 Rfd8 23. Rd3 Kg6 24. f5+ Kxf5 25. Rf3+ Ke5 26.
Raxf6 Rh8 27. R3f5+ Ke4 28. Rxf7 Rac8 29. R5f6 Ke3 30. Ra6 Rhf8 31. Re7+ Kd2
32. Rxa7 Kxc2 33. Raxc7 Rb8 34. h3 Rb3 35. Rxh7 Rxa3 36. Rhd7 Rxc3 37. Rxc3+
Kxc3 38. Rxd5 Rg8 39. g4 Kc4 40. Rd7 Rh8 41. Kg2 Rh6 42. Kg3 Re6 43. Rf7 Kd4
44. h4 Ke5 45. h5 Rh6 46. Kh4 Ke6 47. Rf2 Rh8 48. g5 Rd8 49. h6 Rd4+ 50. Kh5
Rd5 51. h7 Rd8 52. g6 Rh8 53. Kh6 Rd8 54. g7 Rc8 55. g8=Q+ 1-0

[Event "SV Bad Schwartau-SK Nordhorn-Blanke"]
[Site "Kiel"]
[Date "2019.09.08"]
[Round "4.4"]
[White "Deierberg, Simon"]
[Black "Hallfarth, Luise"]
[Result "1-0"]
[WhiteElo "1074"]
[BlackElo "1569"]
[Annotator "Rnd./Pair./Board: 04.008.04"]
[PlyCount "69"]
[EventDate "2019.??.??"]
[WhiteTeam "SV Bad Schwartau"]
[BlackTeam "SK Nordhorn-Blanke"]

1. e4 c5 2. Nf3 Nc6 3. d4 cxd4 4. Nxd4 g6 5. Be3 Bg7 6. Bc4 Nf6 7. e5 Nxe5 8.
Nd2 O-O 9. O-O Nc6 10. c3 a6 11. b4 b5 12. Bd3 Bb7 13. c4 Nxb4 14. Qb3 Nxd3 15.
Qxd3 bxc4 16. Qxc4 Rc8 17. Qb3 Bd5 18. Qa4 a5 19. Rfc1 Rxc1+ 20. Rxc1 Qa8 21.
f3 Rb8 22. a3 d6 23. Nc6 Bxc6 24. Rxc6 Nd5 25. Bf2 Rb2 26. Be1 Nc3 27. Qc4 Rb8
28. Rc7 Bf6 29. Ne4 Nxe4 30. fxe4 Kg7 31. h3 e6 32. Qxe6 Rb7 33. Qxf7+ Kh6 34.
Bd2+ Bg5 35. Qxh7# 1-0